Книга рекордов мира (Запись № 11706376)

Подробности
000 -МАРКЕР
контрольное поле 02358nam0a2200433 4500
001 - ИДЕНТИФИКАТОР ЗАПИСИ
контрольное поле RU\NLR\BIBL_A\012061343
005 - ИДЕНТИФИКАТОР ВЕРСИИ
контрольное поле 20260405071908.0
010 ## - МЕЖДУНАРОДНЫЙ СТАНДАРТНЫЙ НОМЕР КНИГИ (ISBN)
Номер (ISBN) 9785988624813
Тираж 1000
021 ## - НОМЕР ГОСУДАРСТВЕННОЙ РЕГИСТРАЦИИ
Код страны российская федерация
Номер 2019-47986
Номер Листа государственной регистраци КН-П-3492
035 ## - ДРУГИЕ СИСТЕМНЫЕ НОМЕРА
Идентификатор записи (RuMoRGB)010026009
035 ## - ДРУГИЕ СИСТЕМНЫЕ НОМЕРА
Идентификатор записи (NLR Aleph) 012061343
100 ## - ДАННЫЕ ОБЩЕЙ ОБРАБОТКИ
Данные общей обработки 20190722d2020 y0rusy50 ca
101 0# - ЯЗЫК РЕСУРСА
Язык текста, звукозаписи и т.д. русский
-- английский
102 ## - СТРАНА ПУБЛИКАЦИИ ИЛИ ПРОИЗВОДСТВА
Страна публикации российская федерация
105 ## - ПОЛЕ КОДИРОВАННЫХ ДАННЫХ: ТЕКСТОВЫЕ МАТЕРИАЛЫ, МОНОГРАФИЧЕСКИЕ
Кодированные данные о монографическом текстовом документе ach|zzzz0||zy
200 1# - ЗАГЛАВИЕ И СВЕДЕНИЯ ОБ ОТВЕТСТВЕННОСТИ
Основное заглавие Книга рекордов мира
Параллельное заглавие World records book
Наименование части Гиревой триатлон
Сведения, относящиеся к заглавию экстрим
-- впервые в мире
-- [сборник]
Первые сведения об ответственности Анатолий Ежов
210 ## - ПУБЛИКАЦИЯ, РАСПРОСТРАНЕНИЕ И ДР.
Место издания, распространения и т.д. Москва
Имя издателя, распространителя и т. д. Грифон
Дата издания, распространения и т.д. 2020, [т.е. 2019]
215 ## - ФИЗИЧЕСКАЯ ХАРАКТЕРИСТИКА
Специфическое обозначение материала и объем 263 с., [2] л. цв. портр.
Другие сведения о физической характеристике цв. ил., портр., факс.
Размеры 30
300 ## - ОБЩИЕ ПРИМЕЧАНИЯ
Текст примечания Авт. также на англ. яз.: Anatoly Ezhov
300 ## - ОБЩИЕ ПРИМЕЧАНИЯ
Текст примечания На 6-й с. авт.: акад., д.э.н., проф. и др. Ежов А.Н.
300 ## - ОБЩИЕ ПРИМЕЧАНИЯ
Текст примечания Фактическая дата выхода в свет - 2019
300 ## - ОБЩИЕ ПРИМЕЧАНИЯ
Текст примечания Текст парал. рус., англ.
327 1# - ПРИМЕЧАНИЯ О СОДЕРЖАНИИ
Текст примечания На тит. л. содерж.: В пустыне Синая с гирей: по библейским местам; В святых местах Беларуси с гирей; У мощей Святого Николая Чудотворца с гирей
333 ## - ПРИМЕЧАНИЯ ОБ ОСОБЕННОСТЯХ РАСПРОСТРАНЕНИЯ И ИСПОЛЬЗОВАНИЯ
Текст примечания 16+
510 1# - ПАРАЛЛЕЛЬНОЕ ЗАГЛАВИЕ
Связь между полями z44790
Параллельное заглавие World records book
Язык заглавия английский
600 #1 - ИМЯ ЛИЦА КАК ПРЕДМЕТ
Начальный элемент ввода Ежов
Часть имени, кроме начального элемента ввода А. Н.
Даты 1946
Расширение инициалов личного имени Анатолий Николаевич
Формальный подзаголовок Воспоминания, записки и т.п
Системный номер авторитетной/нормативной записи 2534359
Идентификатор авторитетной/нормативной записи RU\NLR\AUTH\661500960
606 ## - НАИМЕНОВАНИЕ ТЕМЫ КАК ПРЕДМЕТ
Наименование темы Паломничества
Системный номер авторитетной/нормативной записи 1473804
Идентификатор авторитетной/нормативной записи RU\NLR\AUTH\66626302
606 ## - НАИМЕНОВАНИЕ ТЕМЫ КАК ПРЕДМЕТ
Наименование темы Гиревой триатлон
Системный номер авторитетной/нормативной записи 2291450
Идентификатор авторитетной/нормативной записи RU\NLR\AUTH\6601599753
686 1# - ИНДЕКСЫ ДРУГИХ КЛАССИФИКАЦИЙ
Индекс Ч517.125
686 1# - ИНДЕКСЫ ДРУГИХ КЛАССИФИКАЦИЙ
Индекс Ч517.125.3(2Р)7-8Ежов
686 2# - ИНДЕКСЫ ДРУГИХ КЛАССИФИКАЦИЙ
Индекс Э372.24-576
700 #1 - ИМЯ ЛИЦА - ПЕРВИЧНАЯ ОТВЕТСТВЕННОСТЬ
Материалы, к которым относится поле rus
Графика поля Кириллица
Начальный элемент ввода Ежов
Часть имени, кроме начального элемента ввода А. Н.
Даты 1946-
Расширение инициалов личного имени Анатолий Николаевич
Идентификатор авторитетной/нормативной записи RU\NLR\AUTH\7718468
Системный номер авторитетной/нормативной записи 1545
790 #1 - ИМЯ ЛИЦА - АЛЬТЕРНАТИВНАЯ ФОРМА
Материалы, к которым относится поле rus
Графика поля Латинская
Начальный элемент ввода Ežov
Часть имени, кроме начального элемента ввода A. N.
Даты 1946-
Расширение инициалов личного имени Anatolij Nikolaevič
Идентификатор авторитетной/нормативной записи RU\NLR\AUTH\7718469
Системный номер авторитетной/нормативной записи 1546
942 ## - ДОПОЛНИТЕЛЬНЫЕ ЭЛЕМЕНТЫ ЗАПИСИ (АБИС)
Тип экземпляра АБИС Книга
980 ## - КОЛЛЕКЦИЯ
Название коллекции НБР

Нет доступных экземпляров.